Prensa y convivencia internacional. (Record no. 121051)

MARC details
000 -LEADER
campo de control de longitud fija 00579nam a2200181 4500
001 - NÚMERO DE CONTROL
campo de control 121051
003 - IDENTIFICADOR DE NÚMERO DE CONTROL
campo de control ES-MaACL
005 - FECHA Y HORA DE LA ÚLTIMA TRANSACCIÓN
campo de control 20230906191657.0
007 - CAMPO FIJO DE DESCRIPCIÓN FÍSICA--INFORMACIÓN GENERAL
campo de control de longitud fija t|
008 - DATOS DE LONGITUD FIJA--INFORMACIÓN GENERAL
campo de control de longitud fija 070214s1964 sp r ||||1| spa d
245 00 - MENCIÓN DEL TÍTULO
Título Prensa y convivencia internacional.
260 ## - PUBLICACIÓN, DISTRIBUCIÓN, ETC.
Lugar de publicación, distribución, etc. Barcelona :
Nombre del editor, distribuidor, etc. Diputación Provincial, Instituto de Ciencias Sociales,
Fecha de publicación, distribución, etc. 1964.
300 ## - DESCRIPCIÓN FÍSICA
Extensión 1 v. ;
Dimensiones 27 cm.
505 8# - NOTA DE CONTENIDO CON FORMATO
Nota de contenido con formato Contiene: v. II: 2ª Semana Internacional de Prensa
740 0# - ENTRADA AGREGADA--TÍTULO RELACIONADO/ANALÍTICO NO CONTROLADO
Título relacionado o analítico no controlado 2ª Semana Internacional de Prensa.
852 ## - LOCALIZACIÓN
Ubicación ES-MaACL
Número de control de estantería C-27310
Sublocalización o colección R.56298
852 ## - LOCALIZACIÓN
Ubicación ES-MaACL
Número de control de estantería C-27311
Sublocalización o colección R.56614
Holdings
Estatus retirado Estado de pérdida Estado de daño No para préstamo Biblioteca de origen Biblioteca actual Ubicación en estantería Fecha de adquisición Fuente de adquisición Total de préstamos Signatura topográfica completa Código de barras Visto por última vez Precio de reemplazo Tipo de ítem Koha
        Biblioteca del Ateneo de Madrid Biblioteca del Ateneo de Madrid Depósito 2 17/01/2008     C-27310 1126161 23/02/2023 23/02/2023 Libro impreso
        Biblioteca del Ateneo de Madrid Biblioteca del Ateneo de Madrid Depósito 2 17/01/2008     C-27311 1126162 23/02/2023 23/02/2023 Libro impreso